000 00513nam a2200181Ia 4500
008 090123s9999 xx 000 0 und d
082 _b43308
100 _aघाणेकर प्र.के.
245 _aडोळस भटकंती
250 _a1
260 _c2008
300 _a221
600 _aघाणेकर प्र.के.
630 _aडोळस भटकंती
700 _aघाणेकर प्र.के.
730 _aडोळस भटकंती
942 _cBOOK
999 _c81409
_d81409